Historia de la Nación Mexicana (Record no. 1189)

MARC details
000 -CABECERA
campo de control de longitud fija 00746nam a2200181 a 4500
001 - NÚMERO DE CONTROL
campo de control BRCA_1325
005 - FECHA Y HORA DE LA ÚLTIMA TRANSACCIÓN
campo de control 20190320203357.0
008 - DATOS DE LONGITUD FIJA--INFORMACIÓN GENERAL
campo de control de longitud fija 741031s1967 mx-#---###---#000-0#spa-#
050 #4 - SIGNATURA TOPOGRÁFICA DE LA BIBLIOTECA DEL CONGRESO
Número de clasificación F1226
Número de documento/Ítem .C84 1967
100 1# - ENTRADA PRINCIPAL--NOMBRE DE PERSONA
Nombre de persona Cuevas, Mariano
Fechas asociadas al nombre 1879-1949
9 (RLIN) 4340
245 10 - MENCIÓN DE TÍTULO
Título Historia de la Nación Mexicana
Mención de responsabilidad, etc. Mariano Cuevas.
260 ## - PUBLICACIÓN, DISTRIBUCIÓN, ETC.
Lugar de publicación, distribución, etc. México
Nombre del editor, distribuidor, etc. Porrúa
Fecha de publicación, distribución, etc. 1967
300 ## - DESCRIPCIÓN FÍSICA
Extensión xxix, 1090 p.
Dimensiones 24 cm.
504 ## - NOTA DE BIBLIOGRAFÍA, ETC.
Nota de bibliografía, etc. Bibliografía: p. XIII-XIV
505 0# - NOTA DE CONTENIDO CON FORMATO
Nota de contenido con formato Obra dividida en 4 libros : Libro primero precortesianas. -- Libro segundo dominación española en México. -- Libro tercero México Independiente (5 - 80), (81 - 379), (380-715). -- Libro cuarto De la Revoluación de Ayutla a nuestros días.
651 #4 - PUNTO DE ACCESO ADICIONAL DE MATERIA--NOMBRE GEOGRÁFICO
Nombre geográfico México
Subdivisión general Historia
9 (RLIN) 614
942 ## - ELEMENTOS DE PUNTO DE ACCESO ADICIONAL (KOHA)
Fuente del sistema de clasificación o colocación Library of Congress Classification
Tipo de ítem Koha Libros
Holdings
Estado de retiro Estado de pérdida Estado dañado No para préstamo Localización permanente Ubicación/localización actual Fecha de adquisición Total de préstamos Signatura topográfica completa Código de barras Fecha visto por última vez Precio válido a partir de Tipo de ítem Koha
El ejemplar forma parte de la colección y puede ser consultado según las políticas vigentes.       Biblioteca del Museo Franz Mayer (Rogerio Casas-Alatriste) Biblioteca del Museo Franz Mayer (Rogerio Casas-Alatriste) 26/06/2008   F1226 .C84 1967 01841 22/03/2019 22/03/2019 Libros